| 000 | 00711nam a2200205Ii 4500 | ||
|---|---|---|---|
| 003 | JO-AjNU | ||
| 008 | 230605s9999||||xx |||||||||||||| ||und|| | ||
| 017 | _a2006/19983 | ||
| 040 |
_aJO-AjNU _bara _erda _cJO-AjNU |
||
| 041 | _aara | ||
| 050 | 1 | 4 | _aHD30.23.2008 |
| 100 | 3 |
_aطه، طارق, _eauthor _943923 |
|
| 245 | 0 | 0 | _aنظم دعم القرار في بيئة العولمة والانترنت=Decision Support Systems |
| 264 | 3 | 1 | _aالاسكندرية:دار الفكر الجامعي،2008 |
| 300 | _a523ص | ||
| 336 |
_atext _btxt _2rdacontent |
||
| 337 |
_aunmediated _bn _2rdamedia |
||
| 338 |
_avolume _bnc _2rdacarrier |
||
| 650 | 4 |
_aادارة الاعمال-اتخاذ القرارات _943924 |
|
| 999 |
_aA18922 _c22490 _d22490 |
||